La música clásica de la India : Ragā saṅgīta en la tradición vocal e instrumental del norte /

Kaydedildi:
Detaylı Bibliyografya
Yazar: Pombo, Jaime R. (autor)
Materyal Türü: Kitap
Dil:İspanyolca
Baskı/Yayın Bilgisi: Barcelona, España : Kairós, 2015, c2015
Seri Bilgileri:(Sabiduría Perenne)
Konular:
Etiketler: Etiketle
Etiket eklenmemiş, İlk siz ekleyin!

MARC

LEADER 00000nam^a2200000^a^4500
001 000418496
005 20250521000000.0
009 20260310122418.592
020 |a 978-84-9988-469-1 
037 |a Acervo ITESO - Biblioteca 
041 |a ESP 
082 |a 780. 9549  |b POM 
100 |a Pombo, Jaime R.  |e (autor) 
245 1 3 |a La música clásica de la India :  |b Ragā saṅgīta en la tradición vocal e instrumental del norte /  |c J.R. Pombo ; pról. de Agustín Pániker. 
264 4 |a Barcelona, España :  |b Kairós,  |c 2015, c2015 
300 |a 384 p. 
336 |a texto  |b txt  |2 rdacontenido 
337 |a sin mediación  |b n  |2 rdamedio 
338 |a volumen  |b nc  |2 rdasoporte 
440 1 |a (Sabiduría Perenne) 
521 |a FIL 2019 DIA 
649 |a XX 
650 |a Música Clásica -  |z India -  |x Tema Principal 
650 |a Música Clásica -  |x Historia y Crítica 
650 |a Música Vocal -  |z India -  |x Historia y Crítica 
650 |a Música Instrumental -  |z India -  |x Historia y Crítica 
650 |a Música Hindú -  |x Historia y Crítica 
650 |a Arte Hindú -  |x Historia y Crítica 
910 |a Fondo General 
920 |a Impresos - Libros 
930 |a Colección General 
905 |a 101 
901 |a 0500339413  |b IT1  |c ACC  |i C170148  |u 20250521 
902 |a https://opac.biblio.iteso.mx/vufind/Record/000418496